[Event "44.Semif. C. ITA Magistrale"]
[Site "Salsomaggiore Terme ITA"]
[Date "1984.02.26"]
[Round "3.9"]
[White "Cerchiari, Fulvio Andrea"]
[Black "Bolsi, Massimo"]
[Result "1/2-1/2"]
[WhiteElo "2040"]
[BlackElo "1999"]
[Annotator "Gabriele Ballarin"]
[PlyCount "45"]
[EventDate "1984.11.24"]
[EventType "swiss"]
[EventRounds "9"]
[EventCountry "ITA"]

1. d4 Nf6 2. Nf3 g6 3. Bg5 Bg7 4. Nbd2 d5 5. e3 O-O 6. Bd3 Nbd7 7. c3 Re8 8. O-O c6 9. e4 dxe4 10. Nxe4 Nxe4 11. Bxe4 Nf6 12. Bd3 Bg4 13. h3 Be6 14. Re1 Qc7 15. Bh4 Nh5 16. Ng5 Bd5 17. c4 h6 18. cxd5 hxg5 19. Bxg5 Bxd4 20. Bxg6 Bxf2+ 21. Kxf2 Qg3+ 22. Kg1 fxg6 23. Qg4 1/2-1/2

[Event "44.Semif. C. ITA Magistrale"]
[Site "Salsomaggiore Terme ITA"]
[Date "1984.02.26"]
[Round "3.10"]
[White "Minarelli, Guido"]
[Black "Simoli, Sergio"]
[Result "0-1"]
[WhiteElo "2102"]
[BlackElo "2155"]
[Annotator "Gabriele Ballarin"]
[PlyCount "116"]
[EventDate "1984.11.24"]
[EventType "swiss"]
[EventRounds "9"]
[EventCountry "ITA"]

1. d4 Nf6 2. Nf3 g6 3. c4 Bg7 4. Nc3 O-O 5. e4 d6 6. Be2 Nbd7 7. O-O e5 8. Re1 c6 9. Bf1 Re8 10. d5 c5 11. Rb1 Rf8 12. g3 Ne8 13. Bd2 h6 14. Nh4 Kh7 15. Qc2 Bf6 16. Ng2 Ng7 17. Ne3 h5 18. Bd3 Bg5 19. Rf1 Bh6 20. a3 Qe7 21. b4 b6 22. b5 Nf6 23. f3 Bh3 24. Rf2 h4 25. g4 Kh8 26. Ne2 Nh7 27. Kh1 Bf4 28. Ng1 Ng5 29. Nd1 f5 30. exf5 gxf5 31. Bxf4 exf4 32. Re2 Qf6 33. Nxh3 Nxh3 34. Bxf5 Qd4 35. Nf2 Nxf2+ 36. Rxf2 Nxf5 37. gxf5 Rae8 38. Qb2 Qxb2 39. Rfxb2 h3 40. Kg1 Re3 41. Kf2 Rg8 42. Rg1 Rxg1 43. Kxg1 Re1+ 44. Kf2 Rh1 45. Rb3 Kg7 46. a4 Kf6 47. a5 Kxf5 48. Ra3 Ke5 49. axb6 axb6 50. Ra6 Rc1 51. Rxb6 Rxc4 52. Rb8 Rc2+ 53. Kg1 Rg2+ 54. Kf1 Rxh2 55. Rh8 Kxd5 56. Rh5+ Kd4 57. b6 Ke3 58. Kg1 Rb2 0-1

[Event "44.Semif. C. ITA Magistrale"]
[Site "Salsomaggiore Terme ITA"]
[Date "1984.02.26"]
[Round "3.11"]
[White "Accorsini, Cesare"]
[Black "Mussap, Angelo"]
[Result "1-0"]
[WhiteElo "2035"]
[BlackElo "1900"]
[Annotator "Gabriele Ballarin"]
[PlyCount "53"]
[EventDate "1984.11.24"]
[EventType "swiss"]
[EventRounds "9"]
[EventCountry "ITA"]

1. Nf3 Nf6 2. c4 g6 3. g3 b6 4. d4 Bg7 5. Bg2 Bb7 6. Nc3 O-O 7. O-O d6 8. d5 Nbd7 9. e4 Ba6 10. Qe2 Ng4 11. Bd2 Nge5 12. Nxe5 Nxe5 13. b3 Bc8 14. Rae1 Bd7 15. h3 f5 16. f4 Nf7 17. exf5 Bxf5 18. g4 Bd7 19. Qxe7 Qc8 20. Ne4 Nh6 21. f5 Nf7 22. fxg6 hxg6 23. Nf6+ Bxf6 24. Rxf6 Qd8 25. Rxg6+ Kh7 26. Qe4 Ne5 27. Rh6+ 1-0

[Event "44.Semif. C. ITA Magistrale"]
[Site "Salsomaggiore Terme ITA"]
[Date "1984.02.26"]
[Round "3.12"]
[White "Cordara, Michele"]
[Black "Rupeni, Franco"]
[Result "0-1"]
[WhiteElo "2143"]
[BlackElo "2201"]
[Annotator "Gabriele Ballarin"]
[PlyCount "61"]
[EventDate "1984.11.24"]
[EventType "swiss"]
[EventRounds "9"]
[EventCountry "ITA"]

1. d4 Nf6 2. Bg5 Ne4 3. Bf4 c5 4. f3 Nf6 5. d5 e6 6. e4 exd5 7. exd5 d6 8. c3 Be7 9. Nh3 O-O 10. Nf2 Nh5 11. Bd2 Bg5 12. Ne4 Bxd2+ 13. Qxd2 f5 14. Ng3 Re8+ 15. Kd1 Nf6 16. c4 b5 17. Bd3 bxc4 18. Bxc4 Nbd7 19. Nc3 Ne5 20. Bb5 Bd7 21. Bxd7 Qxd7 22. Qg5 Nc4 23. b3 h6 24. Qg6 Ne3+ 25. Kd2 Re5 26. f4 Nexd5 27. fxe5 Ne7 28. e6 Qxe6 29. Rae1 Ne4+ 30. Rxe4 Qxg6 31. Re2 0-1

[Event "44.Semif. C. ITA Magistrale"]
[Site "Salsomaggiore Terme ITA"]
[Date "1984.02.26"]
[Round "3.13"]
[White "Gallo, Enrico"]
[Black "Gagliardi, Pietro"]
[Result "1-0"]
[WhiteElo "2046"]
[BlackElo "2058"]
[Annotator "Gabriele Ballarin"]
[PlyCount "47"]
[EventDate "1984.11.24"]
[EventType "swiss"]
[EventRounds "9"]
[EventCountry "ITA"]

1. e4 c6 2. d4 d5 3. e5 Bf5 4. Nc3 e6 5. h4 h5 6. Be2 Nd7 7. Bxh5 g6 8. g4 c5 9. gxf5 Rxh5 10. fxe6 fxe6 11. Qg4 Kf7 12. Nh3 Rxh4 13. Ng5+ Qxg5 14. Qxg5 Rxh1+ 15. Ke2 Bh6 16. Qg2 Rxc1 17. Rxc1 Bxc1 18. Nxd5 cxd4 19. Qf3+ Kg7 20. Nc7 Nxe5 21. Qe4 Kf6 22. Nxa8 Ne7 23. Nc7 Nf5 24. Ne8+ 1-0

[Event "44.Semif. C. ITA Magistrale"]
[Site "Salsomaggiore Terme ITA"]
[Date "1984.02.26"]
[Round "3.14"]
[White "Fiore, Mario Angelo"]
[Black "Drei, Andrea"]
[Result "0-1"]
[WhiteElo "1986"]
[BlackElo "2170"]
[Annotator "Gabriele Ballarin"]
[PlyCount "48"]
[EventDate "1984.11.24"]
[EventType "swiss"]
[EventRounds "9"]
[EventCountry "ITA"]

1. e4 c5 2. Nf3 e6 3. d4 cxd4 4. Nxd4 Nc6 5. Be3 Qc7 6. Nb5 Qb8 7. a4 Nf6 8. Nd2 d5 9. Bd3 a6 10. Nd4 Ne5 11. N4f3 Bd6 12. Bg5 Nxd3+ 13. cxd3 dxe4 14. dxe4 Bd7 15. O-O b5 16. Re1 Ng4 17. Rc1 Bxh2+ 18. Kf1 h6 19. Be3 Nxe3+ 20. Rxe3 Bf4 21. Rd3 bxa4 22. Rxd7 Qb5+ 23. Nc4 Qxd7 24. Qxd7+ Kxd7 0-1

[Event "44.Semif. C. ITA Magistrale"]
[Site "Salsomaggiore Terme ITA"]
[Date "1984.02.26"]
[Round "3.15"]
[White "Magrin, Antonio"]
[Black "Ricca, Roberto"]
[Result "1-0"]
[WhiteElo "2116"]
[BlackElo "1900"]
[Annotator "Gabriele Ballarin"]
[PlyCount "83"]
[EventDate "1984.11.24"]
[EventType "swiss"]
[EventRounds "9"]
[EventCountry "ITA"]

1. d4 e6 2. Nf3 Nf6 3. Bf4 c5 4. e3 Nc6 5. Nbd2 d5 6. c3 Bd6 7. Bg3 c4 8. Qc2 b5 9. Be2 Rb8 10. Ne5 Bxe5 11. dxe5 Nd7 12. f4 f5 13. exf6 Qxf6 14. O-O Nc5 15. b4 Na4 16. Rac1 Rb7 17. Nf3 Qd8 18. Nd4 Qb6 19. Bd1 a5 20. a3 O-O 21. Bf3 g6 22. Qd2 axb4 23. axb4 Ne7 24. Bf2 Qc7 25. g4 Bd7 26. Bg3 Qc8 27. Qg2 Nc6 28. f5 Nxd4 29. exd4 Bc6 30. Be5 Rbf7 31. f6 Nb6 32. g5 Nd7 33. Bd6 Re8 34. Rce1 Qb7 35. Rf2 Nf8 36. Rfe2 Rd7 37. Bxf8 Kxf8 38. Rxe6 Rxe6 39. Rxe6 Kf7 40. Re5 Qa8 41. Qh3 Kf8 42. Qe6 1-0

[Event "44.Semif. C. ITA Magistrale"]
[Site "Salsomaggiore Terme ITA"]
[Date "1984.02.26"]
[Round "3.16"]
[White "Ruggeri, Pietro"]
[Black "Colombo, Paolo"]
[Result "0-1"]
[WhiteElo "1900"]
[BlackElo "2022"]
[Annotator "Gabriele Ballarin"]
[PlyCount "80"]
[EventDate "1984.11.24"]
[EventType "swiss"]
[EventRounds "9"]
[EventCountry "ITA"]

1. f4 d5 2. Nf3 Nf6 3. e3 Bg4 4. h3 Bxf3 5. Qxf3 e6 6. d3 Be7 7. Be2 Nbd7 8. O-O O-O 9. c3 c6 10. Kh1 Ne8 11. e4 f5 12. Nd2 fxe4 13. dxe4 Nd6 14. Qg4 Nc5 15. f5 Ncxe4 16. Nxe4 exf5 17. Nf6+ Rxf6 18. Qf3 Ne4 19. Be3 Bd6 20. Bf2 Qe7 21. g3 Rg6 22. Rg1 Nxf2+ 23. Qxf2 Bc5 24. Qg2 Bxg1 25. Rxg1 Rf8 26. Bf3 Re6 27. Qf2 Re3 28. Rd1 Re8 29. Kg2 Qe5 30. Rd4 Re1 31. Rd2 Qe3 32. Qxe3 R8xe3 33. Kf2 Kf7 34. g4 f4 35. h4 Rb1 36. g5 h6 37. Bh5+ g6 38. Bf3 hxg5 39. hxg5 Ke6 40. Bd1 Rxd1 0-1

[Event "44.Semif. C. ITA Magistrale"]
[Site "Salsomaggiore Terme ITA"]
[Date "1984.02.26"]
[Round "3.17"]
[White "Catracchia, Mauro"]
[Black "Messa, Roberto"]
[Result "0-1"]
[WhiteElo "1900"]
[BlackElo "2337"]
[Annotator "Gabriele Ballarin"]
[PlyCount "70"]
[EventDate "1984.11.24"]
[EventType "swiss"]
[EventRounds "9"]
[EventCountry "ITA"]

1. d4 d5 2. c4 e6 3. Nf3 c5 4. e3 Nf6 5. Nc3 Nc6 6. a3 a6 7. Bd3 dxc4 8. Bxc4 b5 9. Bb3 Bb7 10. O-O Rc8 11. Re1 Be7 12. Bc2 O-O 13. Qd3 g6 14. Bd2 Qc7 15. dxc5 Bxc5 16. e4 Ng4 17. Be3 Nce5 18. Nxe5 Qxe5 19. Bxc5 Qxh2+ 20. Kf1 Rxc5 21. Qf3 Qh4 22. Qg3 Qxg3 23. fxg3 Rd8 24. Rad1 Rxd1 25. Bxd1 Ne5 26. Be2 Nc4 27. Bxc4 Rxc4 28. Kf2 b4 29. axb4 Rxb4 30. Re2 Kg7 31. Ke3 Kf6 32. g4 Ke5 33. Kf3 f5 34. gxf5 exf5 35. Kg3 Bxe4 0-1

[Event "44.Semif. C. ITA Magistrale"]
[Site "Salsomaggiore Terme ITA"]
[Date "1984.02.26"]
[Round "3.18"]
[White "Rodella, Franco"]
[Black "Bellatalla, Emilio"]
[Result "1/2-1/2"]
[WhiteElo "1910"]
[BlackElo "1900"]
[Annotator "Gabriele Ballarin"]
[PlyCount "22"]
[EventDate "1984.11.24"]
[EventType "swiss"]
[EventRounds "9"]
[EventCountry "ITA"]

1. Nf3 f5 2. d4 Nf6 3. c4 g6 4. Nc3 Bg7 5. g3 d6 6. Bg2 c6 7. O-O O-O 8. Bg5 Qc7 9. Qd2 Re8 10. Rfd1 Na6 11. Rac1 e5 1/2-1/2

[Event "44.Semif. C. ITA Magistrale"]
[Site "Salsomaggiore Terme ITA"]
[Date "1984.02.26"]
[Round "3.19"]
[White "Luciani, Carlo"]
[Black "Pipitone, Antonio"]
[Result "1-0"]
[WhiteElo "2144"]
[BlackElo "2048"]
[Annotator "Gabriele Ballarin"]
[PlyCount "97"]
[EventDate "1984.11.24"]
[EventType "swiss"]
[EventRounds "9"]
[EventCountry "ITA"]

1. e4 c5 2. Nf3 d6 3. c3 Nc6 4. h3 Nf6 5. Bd3 e6 6. Bc2 Qc7 7. O-O Be7 8. d4 cxd4 9. cxd4 Nb4 10. Ba4+ Bd7 11. Nc3 O-O 12. Bb3 a6 13. Bg5 h6 14. Bh4 Nc6 15. Rc1 Qd8 16. e5 Ne8 17. Bxe7 Qxe7 18. Ne4 d5 19. Nc5 Bc8 20. Bc2 f5 21. exf6 Nxf6 22. Re1 b6 23. Na4 Rb8 24. Bb1 Bd7 25. Nc3 b5 26. Qd3 Nb4 27. Qe3 Qd6 28. Ne5 Rb6 29. Ne2 Nc6 30. Ng3 Ne7 31. Qd3 Be8 32. Rc3 b4 33. Rc5 Bb5 34. Qc2 Rbb8 35. Ng4 Nxg4 36. Qh7+ Kf7 37. hxg4 Rh8 38. Qc2 Rbc8 39. Rxc8 Rxc8 40. Qd2 a5 41. g5 hxg5 42. Qxg5 g6 43. Qh6 Rg8 44. Re3 Qd8 45. Rf3+ Nf5 46. Bxf5 gxf5 47. Nxf5 exf5 48. Rxf5+ Ke8 49. Qe6+ 1-0

[Event "44.Semif. C. ITA Magistrale"]
[Site "Salsomaggiore Terme ITA"]
[Date "1984.02.26"]
[Round "3.20"]
[White "Gasser, Giorgio"]
[Black "Rossi, Gianpiero"]
[Result "1-0"]
[WhiteElo "2034"]
[BlackElo "2014"]
[Annotator "Gabriele Ballarin"]
[PlyCount "119"]
[EventDate "1984.11.24"]
[EventType "swiss"]
[EventRounds "9"]
[EventCountry "ITA"]

1. e4 c5 2. Nc3 e6 3. g3 Nc6 4. Bg2 Nf6 5. d3 Be7 6. Nf3 d6 7. O-O O-O 8. Be3 Rb8 9. d4 cxd4 10. Nxd4 a6 11. b3 Qc7 12. Nce2 Bd7 13. c4 Rfc8 14. Rc1 Nxd4 15. Bxd4 Bc6 16. Nc3 Qa5 17. Qe2 b5 18. Nd5 Nxd5 19. exd5 Bd7 20. Bh3 Re8 21. dxe6 Bxe6 22. Bxe6 Bf8 23. Bxf7+ Kxf7 24. Qh5+ Kg8 25. cxb5 axb5 26. Qd5+ Kh8 27. a4 Qb4 28. Bc3 Qe4 29. Qxe4 Rxe4 30. Rfe1 Rxe1+ 31. Rxe1 bxa4 32. bxa4 Rb3 33. Re3 Kg8 34. a5 Ra3 35. Kg2 d5 36. Bd2 Ra4 37. Rd3 d4 38. Kf3 Ba3 39. Rb3 Kf7 40. Ke4 Be7 41. Rd3 Bc5 42. Kd5 Ba7 43. Rb3 Ra2 44. Rb7+ Kg6 45. Rxa7 Rxd2 46. a6 Rxf2 47. Kxd4 Rxh2 48. Rc7 Ra2 49. a7 h5 50. Kc5 Kf6 51. Kb6 Rb2+ 52. Kc6 Ra2 53. Kb7 Rb2+ 54. Kc8 Ra2 55. Kb8 g5 56. a8=Q Rxa8+ 57. Kxa8 h4 58. gxh4 gxh4 59. Rc5 Kg6 60. Kb7 1-0

[Event "44.Semif. C. ITA Magistrale"]
[Site "Salsomaggiore Terme ITA"]
[Date "1984.02.26"]
[Round "3.21"]
[White "Pienabarca, Nicola"]
[Black "Donatelli, Giovanni"]
[Result "1-0"]
[WhiteElo "1909"]
[BlackElo "1900"]
[Annotator "Gabriele Ballarin"]
[PlyCount "120"]
[EventDate "1984.11.24"]
[EventType "swiss"]
[EventRounds "9"]
[EventCountry "ITA"]

1. e4 e6 2. d4 d5 3. Nc3 Bb4 4. Nge2 dxe4 5. a3 Be7 6. Nxe4 Nd7 7. Bf4 Ngf6 8. Qd3 Nxe4 9. Qxe4 Nf6 10. Qd3 b6 11. O-O-O Bb7 12. Nc3 Qd7 13. Be5 O-O 14. Be2 Rad8 15. Qg3 Ne8 16. Bc4 f6 17. Bf4 Nd6 18. Bd3 Nf5 19. Bxf5 exf5 20. d5 Bd6 21. Rhe1 Rfe8 22. Bxd6 cxd6 23. Ne2 Qf7 24. Qd3 Re5 25. c4 Re4 26. Nd4 Rde8 27. Rxe4 fxe4 28. Qg3 Qc7 29. Qc3 Rc8 30. Nf5 b5 31. b3 bxc4 32. bxc4 Ba6 33. Kd2 Qd7 34. Ne3 f5 35. g3 Qf7 36. Ke2 Qh5+ 37. Ke1 Qf3 38. Rd4 g5 39. Qa5 Qh1+ 40. Ke2 Qf3+ 41. Ke1 f4 42. Qxa6 Rf8 43. gxf4 gxf4 44. Qxd6 Qh1+ 45. Nf1 Qf3 46. Qe6+ Kg7 47. Qxe4 Qc3+ 48. Rd2 Qc1+ 49. Rd1 Qc3+ 50. Nd2 Rf7 51. Kf1 Kf8 52. Qf3 Qc2 53. Qb3 Qf5 54. Qc3 Qg4 55. Qh8+ Ke7 56. Re1+ Kd6 57. Qd8+ Kc5 58. Qa5+ Kd6 59. Re6+ Kd7 60. Qxa7+ Kd8 1-0

[Event "44.Semif. C. ITA Magistrale"]
[Site "Salsomaggiore Terme ITA"]
[Date "1984.02.26"]
[Round "3.22"]
[White "Iudicello, Marco"]
[Black "Valguarnera, Girolamo"]
[Result "1-0"]
[WhiteElo "1973"]
[BlackElo "1999"]
[Annotator "Gabriele Ballarin"]
[PlyCount "51"]
[EventDate "1984.11.24"]
[EventType "swiss"]
[EventRounds "9"]
[EventCountry "ITA"]

1. e4 d5 2. exd5 Qxd5 3. Nc3 Qa5 4. d4 Nc6 5. Bc4 Qb4 6. Qd3 g6 7. a3 Qd6 8. Nb5 Qd8 9. Bf4 Bf5 10. Nxc7+ Kd7 11. Qe3 e5 12. dxe5 Kxc7 13. e6+ Kc8 14. exf7 Nf6 15. Nf3 Qe7 16. Ne5 Be4 17. Nxc6 Bxc6 18. Be6+ Bd7 19. Qc3+ Qc5 20. Qxf6 Qe7 21. Qc3+ Qc5 22. Bxd7+ Kxd7 23. O-O-O+ Ke6 24. Rhe1+ Kxf7 25. Rd7+ Kg8 26. Qb3+ 1-0

[Event "44.Semif. C. ITA Magistrale"]
[Site "Salsomaggiore Terme ITA"]
[Date "1984.02.26"]
[Round "3.23"]
[White "Luppi, Sergio Guido     "]
[Black "Piccardo, Marco"]
[Result "1/2-1/2"]
[WhiteElo "1988"]
[BlackElo "2002"]
[Annotator "Gabriele Ballarin"]
[PlyCount "44"]
[EventDate "1984.11.24"]
[EventType "swiss"]
[EventRounds "9"]
[EventCountry "ITA"]

1. Nf3 f5 2. g3 Nf6 3. Bg2 d6 4. d4 g6 5. b3 Bg7 6. Bb2 O-O 7. O-O Qe8 8. c4 e5 9. dxe5 Ng4 10. h3 Nxe5 11. Nc3 Nbc6 12. Qd2 Nxf3+ 13. exf3 Nd4 14. Rfe1 Qd8 15. Nd5 c5 16. f4 Rb8 17. Re3 Bd7 18. Bc3 Bc6 19. Ba5 b6 20. Ne7+ Kh8 21. Bxc6 bxa5 22. Rae1 Qb6 1/2-1/2

[Event "44.Semif. C. ITA Magistrale"]
[Site "Salsomaggiore Terme ITA"]
[Date "1984.02.26"]
[Round "3.24"]
[White "Pernisco, Ermanno"]
[Black "Sani, Valentino"]
[Result "1/2-1/2"]
[WhiteElo "2010"]
[BlackElo "1914"]
[Annotator "Gabriele Ballarin"]
[PlyCount "70"]
[EventDate "1984.11.24"]
[EventType "swiss"]
[EventRounds "9"]
[EventCountry "ITA"]

1. c4 e6 2. Nf3 Nf6 3. e3 d5 4. b3 Be7 5. Bb2 O-O 6. Be2 c5 7. O-O Nc6 8. d4 b6 9. Nc3 Bb7 10. dxc5 bxc5 11. cxd5 exd5 12. Rc1 Rc8 13. Na4 Ne4 14. Nd2 Nxd2 15. Qxd2 Nb8 16. Bf3 Ba6 17. Rfd1 d4 18. exd4 Bg5 19. Qc2 cxd4 20. Qf5 Bxc1 21. Bxc1 Qe7 22. Bd2 Rfe8 23. h4 g6 24. Qh3 Be2 25. Re1 d3 26. Nc3 Rxc3 27. Bxc3 Qc5 28. Bd2 Qc2 29. Bb4 a5 30. Bxa5 Qxa2 31. Bb4 Qxb3 32. Qg4 Nc6 33. Bxc6 Bxg4 34. Rxe8+ Kg7 35. Bf8+ Kf6 1/2-1/2

[Event "44.Semif. C. ITA Magistrale"]
[Site "Salsomaggiore Terme ITA"]
[Date "1984.11.27"]
[Round "4.1"]
[White "Lantini, Marco"]
[Black "Mantovani, Renzo"]
[Result "0-1"]
[WhiteElo "2017"]
[BlackElo "2146"]
[Annotator "Gabriele Ballarin"]
[PlyCount "102"]
[EventDate "1984.11.24"]
[EventType "swiss"]
[EventRounds "9"]
[EventCountry "ITA"]

1. Nf3 c5 2. c4 Nf6 3. g3 g6 4. Bg2 Bg7 5. O-O O-O 6. Nc3 d5 7. cxd5 Nxd5 8. Nxd5 Qxd5 9. d3 Qd6 10. Qa4 Nc6 11. Qh4 Bf6 12. Ng5 h5 13. Qc4 Nd4 14. Ne4 Nxe2+ 15. Kh1 Qd4 16. Be3 Qxc4 17. Nxf6+ exf6 18. dxc4 Nd4 19. b4 Be6 20. bxc5 Nc2 21. Rac1 Nxe3 22. fxe3 Rac8 23. Bxb7 Rxc5 24. Rf2 Rb8 25. Be4 Rxc4 26. Rxc4 Bxc4 27. Rc2 f5 28. Rxc4 fxe4 29. Rxe4 Rb1+ 30. Kg2 Rb2+ 31. Kf3 Rxa2 32. Re7 Kg7 33. h4 a5 34. Rb7 a4 35. Ra7 a3 36. Ra6 Ra1 37. Kf2 Kf8 38. Ra7 Ra2+ 39. Kf3 Ke8 40. Rb7 Rb2 41. Ra7 a2 42. Kf4 Rf2+ 43. Ke5 Kd8 44. Kd6 Kc8 45. Ke7 Kb8 46. Ra3 Kc7 47. e4 Kc6 48. e5 Kc5 49. Kf8 Kb4 50. Ra8 Kb3 51. Kg7 Rf3 0-1

[Event "44.Semif. C. ITA Magistrale"]
[Site "Salsomaggiore Terme ITA"]
[Date "1984.11.27"]
[Round "4.2"]
[White "Tirabassi, Maurizio"]
[Black "Paoli, Enrico"]
[Result "1-0"]
[WhiteElo "2117"]
[BlackElo "2190"]
[Annotator "Gabriele Ballarin"]
[PlyCount "75"]
[EventDate "1984.11.24"]
[EventType "swiss"]
[EventRounds "9"]
[EventCountry "ITA"]

1. Nf3 Nf6 2. g3 g6 3. Bg2 Bg7 4. O-O O-O 5. c4 c5 6. Nc3 Nc6 7. d4 cxd4 8. Nxd4 Nxd4 9. Qxd4 d6 10. Qd3 Rb8 11. e4 Nd7 12. Bd2 Ne5 13. Qe2 Be6 14. b3 Nc6 15. Rad1 Qd7 16. Nd5 Bh3 17. Bc3 Bxg2 18. Kxg2 Bxc3 19. Nxc3 Rbd8 20. Rd2 b6 21. f4 f6 22. f5 Ne5 23. Nb5 Nc6 24. Qe3 Kg7 25. g4 gxf5 26. exf5 Rg8 27. h3 Kh8 28. Nd4 Nxd4 29. Rxd4 Qb7+ 30. Kg3 Rg7 31. Re1 Rd7 32. h4 Rd8 33. h5 Qd7 34. h6 Rf7 35. Re4 Re8 36. Qd4 Kg8 37. Qd5 Rc8 38. Rxe7 1-0

[Event "44.Semif. C. ITA Magistrale"]
[Site "Salsomaggiore Terme ITA"]
[Date "1984.11.27"]
[Round "4.3"]
[White "Simoli, Sergio"]
[Black "Bellia, Fabrizio"]
[Result "0-1"]
[WhiteElo "2155"]
[BlackElo "2139"]
[Annotator "Gabriele Ballarin"]
[PlyCount "130"]
[EventDate "1984.11.24"]
[EventType "swiss"]
[EventRounds "9"]
[EventCountry "ITA"]

1. e4 e5 2. Nf3 d6 3. Bc4 h6 4. c3 Qf6 5. d4 Ne7 6. Qb3 Ng6 7. h4 Nf4 8. Bxf4 Qxf4 9. Nbd2 Be7 10. O-O-O O-O 11. g3 Qf6 12. d5 Bg4 13. Be2 Nd7 14. Rdf1 c6 15. Ng1 Nc5 16. Qc2 Bxe2 17. Nxe2 cxd5 18. exd5 Qg6 19. Qxg6 fxg6 20. Kc2 g5 21. b4 Nd7 22. hxg5 Bxg5 23. Ne4 Be7 24. f4 Nb6 25. Rd1 Nc4 26. Kb3 Ne3 27. Rd3 Ng4 28. c4 Rac8 29. Rc1 b6 30. c5 bxc5 31. bxc5 dxc5 32. d6 Rfd8 33. Kc4 exf4 34. gxf4 Bf6 35. Rb1 Rd7 36. Rg3 h5 37. Rh1 Re8 38. N2c3 Bxc3 39. Nxc3 Rxd6 40. Rxh5 Ne3+ 41. Kb5 a6+ 42. Kxc5 Rd3 43. Ne2 Rd2 44. Nd4 Rc8+ 45. Nc6 Rc2+ 46. Kb4 Rb2+ 47. Ka4 Rxc6 48. Rxe3 Rxa2+ 49. Kb3 Rf2 50. Rf5 Rf6 51. Rxf6 gxf6 52. Re6 Kf7 53. Rxa6 Rxf4 54. Kc3 Re4 55. Kd3 Re5 56. Ra4 Kg6 57. Ra8 f5 58. Rg8+ Kh5 59. Rg7 f4 60. Rg8 Kh4 61. Kd2 Kh3 62. Rg7 f3 63. Rg8 f2 64. Rf8 Kg2 65. Rg8+ Kf1 0-1

[Event "44.Semif. C. ITA Magistrale"]
[Site "Salsomaggiore Terme ITA"]
[Date "1984.11.27"]
[Round "4.4"]
[White "Colombo, Paolo"]
[Black "Amovilli, Mauro"]
[Result "1-0"]
[WhiteElo "2022"]
[BlackElo "2082"]
[Annotator "Gabriele Ballarin"]
[PlyCount "63"]
[EventDate "1984.11.24"]
[EventType "swiss"]
[EventRounds "9"]
[EventCountry "ITA"]

1. d4 d5 2. c4 e6 3. Nc3 c6 4. Nf3 dxc4 5. a4 Bb4 6. e3 b5 7. Bd2 a5 8. axb5 Bxc3 9. Bxc3 cxb5 10. b3 Bb7 11. bxc4 b4 12. Bd2 Nf6 13. Ne5 O-O 14. f3 Nh5 15. Bd3 f6 16. Ng4 Nc6 17. O-O f5 18. Nf2 Kh8 19. Bc2 Ne7 20. Nd3 Rf6 21. Nc5 Bc6 22. Be1 Rh6 23. Bh4 Qc7 24. Bg5 Rg6 25. f4 Nf6 26. Nxe6 Qd6 27. d5 Nfxd5 28. cxd5 Bxd5 29. Nd4 h6 30. Nxf5 Nxf5 31. Bxf5 hxg5 32. Bxg6 1-0

[Event "44.Semif. C. ITA Magistrale"]
[Site "Salsomaggiore Terme ITA"]
[Date "1984.11.27"]
[Round "4.5"]
[White "Rupeni, Franco"]
[Black "Cerchiari, Fulvio Andrea"]
[Result "1/2-1/2"]
[WhiteElo "2201"]
[BlackElo "2040"]
[Annotator "Gabriele Ballarin"]
[PlyCount "120"]
[EventDate "1984.11.24"]
[EventType "swiss"]
[EventRounds "9"]
[EventCountry "ITA"]

1. e4 e5 2. Nc3 Bc5 3. Nf3 Nc6 4. Bc4 Nf6 5. d3 d6 6. h3 Be6 7. Bb3 h6 8. Be3 Bb6 9. O-O g5 10. d4 Bxb3 11. axb3 g4 12. hxg4 Nxg4 13. Nd5 Rg8 14. Nxb6 cxb6 15. dxe5 dxe5 16. Qe2 Rc8 17. c3 Qf6 18. Nh2 Nxh2 19. Kxh2 Qh4+ 20. Kg1 Qxe4 21. f3 Qg6 22. b4 Kf8 23. f4 exf4 24. Rxf4 Re8 25. Raf1 Rg7 26. R1f2 Re6 27. Qd2 Ke8 28. Bd4 Nxd4 29. Rxd4 Qg5 30. Qd1 Qe7 31. Kh2 Rg5 32. g4 Rge5 33. Rdf4 Re2 34. Qd4 Rxf2+ 35. Rxf2 Qd6+ 36. Qxd6 Rxd6 37. Kg3 Kf8 38. Rh2 Rf6 39. Re2 Re6 40. Rd2 Ke7 41. Kf4 Rd6 42. Rd4 Rf6+ 43. Kg3 a6 44. Rd5 Rd6 45. Rd4 b5 46. Kf4 Re6 47. Rd2 Rf6+ 48. Ke4 Rg6 49. Kf4 Re6 50. Kf5 Rf6+ 51. Ke4 Rd6 52. Rd4 Ke6 53. Kf4 Rd5 54. Re4+ Kd7 55. Rd4 Kc6 56. Ke4 Rd6 57. Ke3 Re6+ 58. Kf2 Rf6+ 59. Ke2 Kc7 60. Rd5 Rf4 1/2-1/2

[Event "44.Semif. C. ITA Magistrale"]
[Site "Salsomaggiore Terme ITA"]
[Date "1984.11.27"]
[Round "4.6"]
[White "Bolsi, Massimo"]
[Black "Drei, Andrea"]
[Result "0-1"]
[WhiteElo "1999"]
[BlackElo "2170"]
[Annotator "Gabriele Ballarin"]
[PlyCount "56"]
[EventDate "1984.11.24"]
[EventType "swiss"]
[EventRounds "9"]
[EventCountry "ITA"]

1. e4 c5 2. Nf3 e6 3. d4 cxd4 4. Nxd4 Nc6 5. Nc3 Qc7 6. Ndb5 Qb8 7. Be3 a6 8. Nd4 Qc7 9. Qd2 Nf6 10. f3 Ne5 11. Nb3 b5 12. Be2 Bb7 13. g4 h6 14. O-O-O Rc8 15. h4 b4 16. Na4 Bxe4 17. Nbc5 Bxf3 18. Bxf3 Nxf3 19. Qf2 Bxc5 20. Nxc5 Qc6 21. Rhf1 Nxg4 22. Qxf3 Qxf3 23. Rxf3 Nxe3 24. Rxd7 O-O 25. Nxa6 Rxc2+ 26. Kb1 Rfc8 27. a4 b3 28. Rc7 Rd8 0-1

[Event "44.Semif. C. ITA Magistrale"]
[Site "Salsomaggiore Terme ITA"]
[Date "1984.11.27"]
[Round "4.7"]
[White "Ventura, Franco"]
[Black "Primavera, Roberto"]
[Result "1-0"]
[WhiteElo "2146"]
[BlackElo "2153"]
[Annotator "Gabriele Ballarin"]
[PlyCount "79"]
[EventDate "1984.11.24"]
[EventType "swiss"]
[EventRounds "9"]
[EventCountry "ITA"]

1. c4 Nf6 2. Nc3 g6 3. g3 Bg7 4. Bg2 O-O 5. e3 d6 6. Nge2 c6 7. b4 d5 8. c5 e5 9. d4 e4 10. Bd2 Bg4 11. h3 Bd7 12. Qb3 Na6 13. b5 Nc7 14. bxc6 bxc6 15. Qa4 Ne6 16. Kd1 Qc7 17. Kc2 Rfb8 18. Rab1 Ng5 19. Nf4 Nf3 20. Rxb8+ Rxb8 21. Rb1 g5 22. Nfe2 Bf8 23. a3 Be7 24. Rb4 Bd8 25. Qb3 Rxb4 26. Qxb4 Bc8 27. Nc1 Ba6 28. Qa4 Bc4 29. Bxf3 exf3 30. Nd3 Bxd3+ 31. Kxd3 Qd7 32. Kc2 Ne4 33. Nxe4 dxe4 34. Qb3 Qxh3 35. Qb8 Qf1 36. Qxd8+ Kg7 37. Qxg5+ Kf8 38. Qd8+ Kg7 39. Qg5+ Kf8 40. Qh6+ 1-0

[Event "44.Semif. C. ITA Magistrale"]
[Site "Salsomaggiore Terme ITA"]
[Date "1984.11.27"]
[Round "4.8"]
[White "Pecci, Pierluigi"]
[Black "Benedetti, Fabrizio"]
[Result "0-1"]
[WhiteElo "2017"]
[BlackElo "2094"]
[Annotator "Gabriele Ballarin"]
[PlyCount "81"]
[EventDate "1984.11.24"]
[EventType "swiss"]
[EventRounds "9"]
[EventCountry "ITA"]

1. d4 d5 2. c4 dxc4 3. Nf3 Nf6 4. g3 Bd7 5. Ne5 Bc6 6. Nxc6 Nxc6 7. Bg2 Qd7 8. Qa4 Nxd4 9. Qxc4 O-O-O 10. O-O Qg4 11. e4 Ne2+ 12. Kh1 Nxc1 13. Nc3 Nd3 14. Nb5 Qd7 15. e5 Nxe5 16. Nxa7+ Kb8 17. Qb3 Nd5 18. Rfd1 e6 19. Rac1 Kxa7 20. Rd4 c5 21. Ra4+ Kb8 22. Ra5 Nc6 23. Ra4 Be7 24. g4 Kc7 25. Qa3 Rb8 26. Rac4 Rhc8 27. Rd1 Ra8 28. Qb3 Ra7 29. Rf4 Bd6 30. Ra4 Rxa4 31. Qxa4 Nd4 32. Qa5+ b6 33. Qa7+ Kd8 34. Qa3 Ke8 35. Re1 Kf8 36. Qh3 Kg8 37. Be4 g6 38. g5 Bf8 39. Rg1 Bg7 40. Rg4 f5 41. gxf6 0-1